Broad general knowledge questions - Statistics

General Stats
  • This quiz has been taken 43 times
  • The average score is 7 of 15
Answer Stats
Hint Answer % Correct
The city in South America overlooked by the statue of Christ the Redeemer Rio de Janeiro
97%
Which ancient empire ruled the high Andes? Inca
82%
The previous name of Uluru Ayers Rock
71%
Which country's ruling royal family comes from the "House of Orange"? Netherlands
71%
The middle name of Ulysees Grant Simpson
66%
Known as the Lord Protector in the UK Oliver Cromwell
61%
In which country was the Orange Free State located? South Africa
61%
The first state of the United States Delaware
58%
If an M1A2 was in your driveway, what type of vehicle would you have? Tank
50%
At the end of WW2 the Messerschmitt ME262 was made. What was revolutionary about it? Jet
39%
The city in the South of France where Airbus aircraft are assembled Toulouse
32%
The person in the UK who summons the House of Commons to the Lords to hear the Queen's Speech Black Rod
29%
Which airline flew around the world with "Jet Clippers"? PanAm
18%
The deepest point of the Marianas Trench Challenger Deep
11%
What type of ship specifically was Bismarck Pocket Battleship
3%
No matching quizzes found
Score Distribution
Percent of People with Each Score
Percentile by Number Answered
Your Score History
You have not taken this quiz